[Event "27th Hoogeveen Open 2024"]
[Site "Hoogeveen NED"]
[Date "2024.11.01"]
[Round "8.30"]
[White "Westerlaan, Sander"]
[Black "Wildschut, Marcel"]
[Result "1-0"]
[WhiteElo "1979"]
[BlackElo "2069"]
[WhiteFideId "1044346"]
[BlackFideId "1019139"]
[EventDate "2024.10.26"]

1. Nf3 d5 2. c4 e6 3. d4 Nf6 4. Nc3 Bb4 5. Qa4+ Nc6 6. Bg5 dxc4 7. a3 Bxc3+ 8.
bxc3 Qd5 9. Bxf6 gxf6 10. Nd2 b5 11. Qc2 Rb8 12. Ne4 Ke7 13. e3 Qf5 14. Be2 Na5
15. Qb2 Nb3 16. Ng3 Qg6 17. Rd1 Bb7 18. Bh5 Qh6 19. O-O Rhg8 20. Qe2 f5 21. Rfe1
Rbd8 22. Bf3 Bd5 23. Bxd5 Rxd5 24. e4 fxe4 25. Qxe4 Kd7 26. Qf3 Qg6 27. Re5 c6
28. Nh5 Rxe5 29. dxe5+ Kc7 30. Nf6 Rd8 31. Rxd8 Kxd8 32. h4 Kc7 33. Qd1 Qd3 34.
Qxd3 cxd3 35. Kf1 Kd8 36. Ke1 c5 37. Nxh7 a5 38. Ng5 b4 39. cxb4 cxb4 40. a4 Nd4
41. Kd2 b3 42. Ne4 b2 43. Nc3 Nc6 44. f4 Nb4 45. Nb1 Ke7 46. g3 f6 47. Kc3 fxe5
48. fxe5 Kf7 49. Kxb2 Nc6 50. Kc3 Nxe5 51. Nd2 Kg6 52. Nb3 Kf5 53. Nxa5 Ke4 54.
Nb3 Ke3 55. a5 Ng4 56. a6 1-0

[Event "27th Hoogeveen Open 2024"]
[Site "Hoogeveen NED"]
[Date "2024.11.01"]
[Round "8.31"]
[White "Fehr, Axel"]
[Black "Westerhof, Fleur"]
[Result "1/2-1/2"]
[WhiteElo "2021"]
[BlackElo "1904"]
[WhiteFideId "4675185"]
[BlackFideId "1080369"]
[EventDate "2024.10.26"]

1. c4 e6 2. Nf3 Nf6 3. g3 d5 4. d4 Be7 5. Bg2 O-O 6. O-O dxc4 7. Ne5 Nc6 8. Nxc6
bxc6 9. Nc3 Nd5 10. Ne4 Rb8 11. a3 Ba6 12. Qc2 f5 13. Nc5 Bxc5 14. dxc5 c3 15.
b4 e5 16. Rd1 e4 17. f3 e3 18. f4 Qe8 19. Rxd5 cxd5 20. Bxd5+ Kh8 21. Qxc3 Rd8
22. Bb2 Qe7 23. Bf3 Rd2 24. Re1 Rfd8 25. a4 Rd1 26. Rxd1 Rxd1+ 27. Kg2 Rd8 28.
b5 Bc8 29. a5 h6 30. h4 Kh7 31. h5 Kh8 32. Bc6 Bd7 33. Qe5 Bxc6+ 34. bxc6 Qxe5
35. Bxe5 Rd5 36. Bxc7 Rxc5 37. Bb8 Rxa5 38. c7 Rc5 39. Bxa7 Rxc7 40. Bxe3 Kg8
41. Bd4 Rc1 42. Be5 Rb1 43. e3 Kf7 44. Kf2 Rh1 45. Kg2 Rxh5 1/2-1/2

[Event "27th Hoogeveen Open 2024"]
[Site "Hoogeveen NED"]
[Date "2024.11.02"]
[Round "9.1"]
[White "Maris, Ivo"]
[Black "Karthikeyan, Murali"]
[Result "0-1"]
[WhiteTitle "FM"]
[BlackTitle "GM"]
[WhiteElo "2388"]
[BlackElo "2624"]
[WhiteFideId "1028146"]
[BlackFideId "5074452"]
[EventDate "2024.10.26"]
[EventType "swiss"]

1. b4 e5 2. a3 d5 3. Bb2 Bd6 4. c4 c6 5. cxd5 cxd5 6. Nc3 d4 7. Ne4 Be7 8. e3
Nf6 9. Ng3 a6 10. Nf3 Nc6 11. Bc4 O-O 12. O-O Ne8 13. Re1 Nc7 14. exd4 exd4 15.
Rc1 Be6 16. Bd3 Bd5 17. Nxd4 Nxd4 18. Bxd4 Ne6 19. Nf5 Bg5 20. Qh5 g6 21. Qg4
Nxd4 22. Nxd4 Bxd2 23. h4 Qf6 24. Ne2 Rad8 25. Ng3 Bxc1 26. Rxc1 Be6 27. Qe2
Qxh4 28. Ne4 Bf5 29. g3 Qe7 30. Rc7 Qxc7 31. Nf6+ Kh8 32. Qb2 Qd6 33. Ne8+ Qd4 0-1

[Event "27th Hoogeveen Open 2024"]
[Site "Hoogeveen NED"]
[Date "2024.11.02"]
[Round "9.2"]
[White "Bosboom, Manuel"]
[Black "Zwirs, Nico"]
[Result "0-1"]
[WhiteTitle "IM"]
[BlackTitle "IM"]
[WhiteElo "2354"]
[BlackElo "2474"]
[WhiteFideId "1000080"]
[BlackFideId "1036432"]
[EventDate "2024.10.26"]
[EventType "swiss"]

1. Nf3 d5 2. g3 Nd7 3. Bg2 e5 4. c4 e4 5. Nd4 dxc4 6. Qa4 c6 7. Qxc4 Nb6 8. Qc3
Nf6 9. Nb3 Bd6 10. O-O Qe7 11. d3 Nbd5 12. Qd2 Bf5 13. Nc3 Nxc3 14. bxc3 O-O 15.
Bb2 Rad8 16. Nd4 Bc8 17. Rad1 Rfe8 18. Nc2 Qe5 19. h4 Bc7 20. Qg5 Qe6 21. c4 h6
22. Qc1 Bb6 23. Bxf6 Qxf6 24. dxe4 Rxd1 25. Qxd1 Rd8 26. Qb1 Rd2 27. Bf3 Qc3 28.
Rc1 Qxc4 29. Nb4 Qd4 30. Nd3 Rxd3 31. Qxd3 Qxf2+ 32. Kh1 Qxg3 0-1

[Event "27th Hoogeveen Open 2024"]
[Site "Hoogeveen NED"]
[Date "2024.11.02"]
[Round "9.3"]
[White "Sankalp, Gupta"]
[Black "Brunello, Sabino"]
[Result "1/2-1/2"]
[WhiteTitle "GM"]
[BlackTitle "GM"]
[WhiteElo "2534"]
[BlackElo "2514"]
[WhiteFideId "5097010"]
[BlackFideId "813613"]
[EventDate "2024.10.26"]
[EventType "swiss"]

1. e4 e5 2. Nf3 Nf6 3. Nxe5 d6 4. Nf3 Nxe4 5. d4 d5 6. Bd3 Be7 7. O-O O-O 8. Re1
Nd6 9. Bf4 Bg4 10. Nbd2 Nd7 11. c3 Bh5 12. Qb3 Nb6 13. Ne5 Bg5 14. Bxg5 Qxg5 15.
Qc2 Qh6 16. b3 Rad8 17. c4 dxc4 18. bxc4 Nd7 19. c5 Nc8 20. c6 Nxe5 21. Rxe5
bxc6 22. Bxh7+ Qxh7 23. Qxh7+ Kxh7 24. Rxh5+ Kg6 25. Rc5 Rxd4 26. Rxc6+ Rd6 27.
Rac1 f6 28. Nf3 Rf7 29. g3 Rxc6 30. Rxc6 Nd6 31. Ra6 Rd7 32. Rxa7 Nb5 33. Rb7
Nc3 34. a3 Kf5 35. Kg2 g5 36. h3 Ke6 37. Rb3 Nd5 38. Rb5 Nb6 39. Rb4 Rd3 40. Rb3
Rd1 41. h4 1/2-1/2

[Event "27th Hoogeveen Open 2024"]
[Site "Hoogeveen NED"]
[Date "2024.11.02"]
[Round "9.5"]
[White "Ganguly, Surya Shekhar"]
[Black "Smeets, Kobe"]
[Result "1/2-1/2"]
[WhiteTitle "GM"]
[BlackTitle "FM"]
[WhiteElo "2598"]
[BlackElo "2328"]
[WhiteFideId "5002150"]
[BlackFideId "1063910"]
[EventDate "2024.10.26"]
[EventType "swiss"]

1. e4 c5 2. Nf3 e6 3. c3 Nf6 4. e5 Nd5 5. d4 cxd4 6. cxd4 d6 7. Bc4 Be7 8. O-O
O-O 9. Qe2 dxe5 10. dxe5 Bd7 11. Rd1 Bc6 12. Nd4 Bc5 13. Nc3 Qb6 14. Nb3 Nxc3
15. bxc3 Nd7 16. h4 Be7 17. h5 Qc7 18. Bf4 Rfd8 19. Nd4 Nf8 20. Bb3 Bd5 21. c4
Bc6 22. Nb5 Bxb5 23. cxb5 Rxd1+ 24. Rxd1 Rd8 25. Rc1 Qa5 26. Qg4 Qb4 27. Qg3 Kh8
28. Rc7 Rd7 29. h6 g6 30. Rc8 Rd8 31. Rxd8 Bxd8 32. Bg5 Qe1+ 33. Kh2 Bxg5 34.
Qxg5 Qxf2 35. Bc2 f6 36. exf6 Kg8 37. Be4 b6 38. Qe5 Qh4+ 39. Kg1 Qe1+ 40. Kh2
Qh4+ 41. Kg1 Qxh6 42. Qc7 g5 43. Qe7 g4 44. g3 Qc1+ 45. Kh2 Qh6+ 46. Kg1 Qc1+
47. Kh2 1/2-1/2

[Event "27th Hoogeveen Open 2024"]
[Site "Hoogeveen NED"]
[Date "2024.11.02"]
[Round "9.6"]
[White "Mostertman, Milan"]
[Black "De Winter, Arthur"]
[Result "1/2-1/2"]
[WhiteTitle "FM"]
[BlackTitle "IM"]
[WhiteElo "2201"]
[BlackElo "2435"]
[WhiteFideId "1025848"]
[BlackFideId "1069020"]
[EventDate "2024.10.26"]
[EventType "swiss"]

1. e4 c6 2. d4 d5 3. e5 Bf5 4. h4 a6 5. Nd2 c5 6. dxc5 Nc6 7. Ngf3 e6 8. Nb3 Bg4
9. Bf4 Bxc5 10. Nxc5 Qa5+ 11. c3 Qxc5 12. Be2 h5 13. O-O Nh6 14. Re1 Qe7 15. g3
Nf5 16. Ng5 Bxe2 17. Qxe2 Rc8 18. Rad1 Nb8 19. Rc1 Rc4 20. b3 Rxf4 21. gxf4 Nxh4
22. Nf3 Nc6 23. Nxh4 Qxh4 24. Qe3 Rh6 25. Kf1 Qg4 26. f3 Qh3+ 27. Ke2 Qh2+ 28.
Kd3 Qxa2 29. Qb6 Rg6 30. Rg1 Rg2 31. Rxg2 Qxg2 32. Qxb7 Qxf3+ 33. Kc2 Qe2+ 34.
Kb1 Nd8 35. Qb4 g6 36. Qa4+ Ke7 37. Qb4+ Ke8 38. Qa4+ Ke7 39. Qb4+ Ke8 1/2-1/2

[Event "27th Hoogeveen Open 2024"]
[Site "Hoogeveen NED"]
[Date "2024.11.02"]
[Round "9.7"]
[White "Mamatov, Melis"]
[Black "Duson, Robin"]
[Result "1/2-1/2"]
[WhiteTitle "FM"]
[WhiteElo "2358"]
[BlackElo "2177"]
[WhiteFideId "13800027"]
[BlackFideId "1055038"]
[EventDate "2024.10.26"]
[EventType "swiss"]

1. e4 e5 2. Nf3 Nc6 3. Bc4 Nf6 4. d3 Bc5 5. c3 d6 6. O-O a5 7. h3 Ba7 8. Nbd2 h6
9. Re1 g5 10. Nf1 g4 11. hxg4 Nxg4 12. Ne3 Rg8 13. d4 Qf6 14. Nd5 Qg7 15. Nh4
Kd8 16. Ne3 exd4 17. cxd4 Nxd4 18. Nxg4 Bxg4 19. Qd3 Bf3 20. Re3 Qg4 21. Rxf3
Nxf3+ 22. Qxf3 Qxh4 23. Qxf7 Re8 24. Bd2 Qe7 25. Qxe7+ Rxe7 26. Re1 Kd7 27. Kf1
Bd4 28. b3 Bg7 29. f4 c6 30. Kf2 a4 31. b4 b5 32. Bd3 Rb8 33. Kf3 c5 34. bxc5
dxc5 35. e5 c4 36. Bf5+ Kc6 37. Bb4 Ree8 38. e6 c3 39. e7 Kd5 40. Be6+ Kc6 41.
Rd1 Bf6 42. Rd6+ Kc7 43. Rd7+ Kc6 44. Rd6+ Kc7 45. Rd7+ Kc6 46. Rd6+ 1/2-1/2

[Event "27th Hoogeveen Open 2024"]
[Site "Hoogeveen NED"]
[Date "2024.11.02"]
[Round "9.8"]
[White "De Wit, Michel"]
[Black "Slagboom, Leandro"]
[Result "0-1"]
[WhiteTitle "FM"]
[BlackTitle "FM"]
[WhiteElo "2108"]
[BlackElo "2345"]
[WhiteFideId "1002210"]
[BlackFideId "1065882"]
[EventDate "2024.10.26"]
[EventType "swiss"]

1. e4 e5 2. Nf3 Nc6 3. Bb5 a6 4. Bxc6 dxc6 5. d4 exd4 6. Qxd4 Qxd4 7. Nxd4 Bd7
8. Be3 O-O-O 9. f3 Ne7 10. Nc3 Re8 11. Kf2 g6 12. Rad1 b6 13. Nde2 c5 14. Rhe1
Bg7 15. f4 Bc6 16. g4 Ng8 17. e5 f6 18. exf6 Nxf6 19. h3 h5 20. g5 Ng8 21. h4
Ne7 22. Ng3 Rhf8 23. Bc1 Bd4+ 24. Kf1 Rf7 25. Nce2 Bh8 26. c3 Bd5 27. a3 Bb3 28.
Rd3 Bc4 29. Re3 Rxf4+ 30. Kg1 Rf7 31. Nf4 Rxf4 32. Rxe7 Rxe7 33. Rxe7 Rf8 34.
Ne4 Rf1+ 35. Kg2 Rxc1 36. Re8+ Kd7 37. Rxh8 Bd5 0-1

[Event "27th Hoogeveen Open 2024"]
[Site "Hoogeveen NED"]
[Date "2024.11.02"]
[Round "9.9"]
[White "Labruyere, Roger"]
[Black "Schuricht, Emil Frederick"]
[Result "1-0"]
[WhiteElo "2286"]
[BlackElo "2145"]
[WhiteFideId "1059505"]
[BlackFideId "16270185"]
[EventDate "2024.10.26"]
[EventType "swiss"]

1. e4 c6 2. d4 d5 3. e5 Bf5 4. h4 h5 5. Bd3 Bxd3 6. Qxd3 Qa5+ 7. Nd2 e6 8. Nf3
Qa6 9. c4 Be7 10. O-O Nd7 11. b3 Nh6 12. a4 O-O 13. Ba3 Bxa3 14. Rxa3 c5 15. Ng5
g6 16. Qb1 cxd4 17. cxd5 Nxe5 18. dxe6 Qd6 19. f4 f5 20. b4 Nc6 21. Qb3 Ne7 22.
Nc4 Qd5 23. Ne5 Qxb3 24. Rxb3 Rac8 25. Rd3 Rfd8 26. Nef7 Nxf7 27. exf7+ Kg7 28.
Ne6+ Kxf7 29. Nxd8+ Rxd8 30. Rfd1 b5 31. Rxd4 Rxd4 32. Rxd4 Nc6 33. Rd6 Nxb4 34.
axb5 Kg7 35. Rd7+ Kf6 36. Rxa7 1-0

[Event "27th Hoogeveen Open 2024"]
[Site "Hoogeveen NED"]
[Date "2024.11.02"]
[Round "9.10"]
[White "Plukkel, Sjoerd"]
[Black "Kovalskyi, Roman"]
[Result "1-0"]
[WhiteTitle "FM"]
[WhiteElo "2210"]
[BlackElo "2124"]
[WhiteFideId "1008676"]
[BlackFideId "14184214"]
[EventDate "2024.10.26"]
[EventType "swiss"]

1. e4 c5 2. Nf3 d6 3. d4 cxd4 4. Nxd4 Nf6 5. Nc3 a6 6. Bg5 Nbd7 7. Qd2 h6 8. Bh4
g5 9. Bg3 Bg7 10. Nf5 Bf8 11. O-O-O Qa5 12. Bc4 Nb6 13. Bb3 Bxf5 14. exf5 Qxf5
15. Rhe1 O-O-O 16. Bxf7 Kb8 17. Be6 Qc5 18. Re5 Qc7 19. Qd4 Nbd7 20. Rf5 Bg7 21.
Qb4 Qb6 22. Qa3 Ka8 23. Rb5 Qa7 24. Rb4 Nc5 25. Bc4 Rc8 26. f3 Rc6 27. Kb1 Re8
28. Bf2 Nfd7 29. Ne4 Rb6 30. Bd5 Rc8 31. c3 a5 32. Rxb6 Qxb6 33. Be6 Qc7 34.
Nxc5 Nxc5 35. Bxc8 Qxc8 36. Bxc5 dxc5 37. Qxa5+ Kb8 38. Rd8 Be5 39. Rxc8+ Kxc8
40. Qxc5+ Bc7 41. Qxe7 1-0

[Event "27th Hoogeveen Open 2024"]
[Site "Hoogeveen NED"]
[Date "2024.11.02"]
[Round "9.11"]
[White "Emans, Job"]
[Black "Nissinen, Niilo Man"]
[Result "1/2-1/2"]
[BlackTitle "CM"]
[WhiteElo "2118"]
[BlackElo "2204"]
[WhiteFideId "1051393"]
[BlackFideId "30950767"]
[EventDate "2024.10.26"]
[EventType "swiss"]

1. d4 Nf6 2. c4 e6 3. Nc3 Bb4 4. e3 O-O 5. Bd2 d5 6. Nf3 b6 7. cxd5 exd5 8. Bd3
Bb7 9. Rc1 Be7 10. O-O c5 11. Ne5 Nc6 12. Be1 a6 13. Qf3 Re8 14. Qh3 cxd4 15.
Nxc6 Bxc6 16. exd4 b5 17. f3 g6 18. Bd2 Nh5 19. f4 Bf6 20. Ne2 Qb6 21. Kh1 Ra7
22. Qf3 Bg7 23. f5 Nf6 24. Bb4 Rd7 25. Bc5 Qb7 26. Rce1 Ne4 27. Ng3 Rdd8 28.
Bxe4 dxe4 29. Qe3 f6 30. Ne2 Bd7 31. Qb3+ Kh8 32. fxg6 hxg6 33. Qf7 Bc6 34. Qxg6
Rd5 35. Rxf6 Bxf6 36. Qxf6+ Kg8 37. Qg6+ Kh8 38. Qf6+ Kg8 39. Nf4 Rd7 40. Re3
Rg7 41. Ne6 Qf7 42. Qxg7+ Qxg7 43. Nxg7 Kxg7 44. Kg1 Bd5 45. b3 a5 46. a3 a4 47.
bxa4 bxa4 48. Kf2 Rb8 49. Bb4 Rb6 50. Rg3+ Kf7 51. Ke3 Rh6 52. h3 Kf6 53. Rg4
Rh7 54. Rf4+ Ke6 55. Rf8 Kd7 56. Rf5 Kc6 57. Rg5 Rh8 58. Be1 Rb8 59. Bb4 Rh8 60.
Kf4 Rh4+ 61. Ke5 Rh6 62. g4 e3 63. Rf5 Re6+ 64. Kf4 Re4+ 65. Kg5 Rxd4 66. Re5
Rd3 67. Kf4 e2 68. Rxe2 Rxh3 69. Rf2 Kd7 70. Ke5 Bb3 71. g5 Re3+ 72. Kf6 Re6+
73. Kg7 Bd5 74. Rf7+ Kc6 75. Ra7 Bb3 76. Ra6+ Kd5 77. Rxe6 Kxe6 1/2-1/2

[Event "27th Hoogeveen Open 2024"]
[Site "Hoogeveen NED"]
[Date "2024.11.02"]
[Round "9.13"]
[White "Aravindhan, Achyuth"]
[Black "Arnold, Rhys"]
[Result "0-1"]
[WhiteTitle "CM"]
[WhiteElo "2173"]
[BlackElo "2312"]
[WhiteFideId "1084216"]
[BlackFideId "1068849"]
[EventDate "2024.10.26"]
[EventType "swiss"]

1. e4 e5 2. Nf3 Nc6 3. Bc4 Nf6 4. d4 exd4 5. e5 d5 6. Bb5 Nd7 7. Bxc6 bxc6 8.
Nxd4 Nxe5 9. Qe2 Qe7 10. Bf4 Ng6 11. Bxc7 Kd7 12. Bg3 Ba6 13. Qxe7+ Bxe7 14. Nd2
c5 15. Nf5 Bf6 16. O-O-O Be2 17. Rde1 Bg4 18. Ne3 Be6 19. f4 Ne7 20. Nf3 d4 21.
f5 Bxa2 22. Ng4 Bd5 23. Nfe5+ Kd8 24. Nxf6 gxf6 25. Bh4 Re8 26. Bxf6 Kc7 27.
Bxe7 Rxe7 28. f6 Ree8 29. Nd3 Bxg2 30. Rhg1 Rxe1+ 31. Nxe1 Be4 32. Rg7 Bg6 33.
Nd3 Kd6 34. Nf4 Rf8 35. Nxg6 hxg6 36. Rh7 Ke5 37. Rh3 Kxf6 38. Rf3+ Ke5 39. Ra3
f5 40. Rxa7 Ke4 41. Kd2 Rh8 42. Re7+ Kd5 43. Re2 g5 44. Rg2 g4 45. Ke2 Ke4 46.
Kf2 Rb8 47. b3 Ra8 0-1

[Event "27th Hoogeveen Open 2024"]
[Site "Hoogeveen NED"]
[Date "2024.11.02"]
[Round "9.14"]
[White "Van Helvoort, Rob"]
[Black "De Jong, Migchiel"]
[Result "0-1"]
[BlackTitle "IM"]
[WhiteElo "2164"]
[BlackElo "2288"]
[WhiteFideId "1005596"]
[BlackFideId "1002848"]
[EventDate "2024.10.26"]
[EventType "swiss"]

1. e4 c5 2. c3 d5 3. exd5 Qxd5 4. Na3 Nf6 5. Nf3 e6 6. d4 a6 7. Nc4 Nbd7 8. Ne3
Qc6 9. Be2 Be7 10. O-O O-O 11. c4 cxd4 12. Nxd4 Qc7 13. b3 Rd8 14. Bb2 Ne5 15.
Qc2 Ng6 16. g3 b6 17. Bf3 Bb7 18. Qe2 Ne4 19. Bxe4 Bxe4 20. Ng4 Bb7 21. Rad1 Bc5
22. Ne3 Rd7 23. Ndc2 Rxd1 24. Qxd1 Rd8 25. Qe2 Ne5 26. Bxe5 Qxe5 27. b4 Bf8 28.
f3 h5 29. Rd1 Rxd1+ 30. Qxd1 h4 31. Kf2 hxg3+ 32. hxg3 Qh5 33. a3 a5 34. Kg2
axb4 35. axb4 Qe5 36. Qd7 Qb8 37. Kf2 Qa8 38. f4 Be4 39. Qd4 g6 40. Ke2 Qb7 41.
Kd2 Bxc2 42. Nxc2 Qg2+ 43. Kc1 Qxg3 44. c5 bxc5 45. bxc5 Bh6 46. Qd8+ Kh7 47.
Nd4 Qxf4+ 48. Kc2 Qc1+ 49. Kb3 Qxc5 50. Qf6 Qd5+ 51. Ka4 Bg7 52. Qh4+ Kg8 53.
Nb5 Qa2+ 54. Kb4 Bf8+ 0-1

[Event "27th Hoogeveen Open 2024"]
[Site "Hoogeveen NED"]
[Date "2024.11.02"]
[Round "9.15"]
[White "Kazarjan, Gachatur"]
[Black "Ritzerveld, Noah"]
[Result "1/2-1/2"]
[BlackTitle "FM"]
[WhiteElo "2163"]
[BlackElo "2281"]
[WhiteFideId "1068750"]
[BlackFideId "1085760"]
[EventDate "2024.10.26"]
[EventType "swiss"]

1. e4 e5 2. Nf3 Nc6 3. Bc4 Nf6 4. d3 Bc5 5. c3 d6 6. O-O h6 7. Re1 O-O 8. h3 a5
9. Nbd2 a4 10. Bb5 Bd7 11. Nc4 Ne7 12. Bxd7 Nxd7 13. d4 exd4 14. cxd4 Ba7 15.
Ne3 d5 16. exd5 Bb6 17. Nh4 Nxd5 18. Nhf5 Nxe3 19. Rxe3 Kh7 20. Qd3 Kh8 21. Bd2
Ba5 22. Rae1 Nf6 23. Re5 Bxd2 24. Qxd2 Kh7 25. Qb4 g6 26. Ng3 b6 27. h4 c6 28.
Qc4 Qd7 29. h5 Nd5 30. Qe2 Kg7 31. a3 Rad8 32. Qc2 b5 33. hxg6 fxg6 34. Re6 Rf6
35. Rxf6 Nxf6 36. Qc5 Re8 37. Re5 Ng4 38. Re4 Nf6 39. Re5 Ng4 40. Re4 1/2-1/2

[Event "27th Hoogeveen Open 2024"]
[Site "Hoogeveen NED"]
[Date "2024.11.02"]
[Round "9.16"]
[White "Govoreanu, Matei"]
[Black "Van Dael, Siem"]
[Result "1-0"]
[BlackTitle "FM"]
[WhiteElo "2142"]
[BlackElo "2279"]
[WhiteFideId "258059"]
[BlackFideId "1049771"]
[EventDate "2024.10.26"]
[EventType "swiss"]

1. e4 f6 2. d4 g6 3. Nc3 Nh6 4. Bc4 Nf7 5. h4 h5 6. Nf3 Bg7 7. Qd3 d6 8. Be3 c6
9. a4 Na6 10. Ne2 e5 11. Qb3 Qe7 12. O-O-O Nc7 13. dxe5 Nxe5 14. Nxe5 fxe5 15.
Qd3 d5 16. exd5 e4 17. d6 exd3 18. dxe7 Nd5 19. Rxd3 Bf5 20. Rb3 Nxe3 21. Rxe3
Bh6 22. f4 Rh7 23. g3 Rxe7 24. Rxe7+ Kxe7 25. Nd4 Bg4 26. Re1+ Kf6 27. Nb3 Rd8
28. Nc5 b6 29. Ne4+ Kg7 30. Ng5 Bxg5 31. hxg5 Rd4 32. b3 Kf8 33. Bd3 Kf7 34. Re5
Be6 35. Bxg6+ Kxg6 36. Rxe6+ Kf5 37. Rxc6 Kg4 38. Rc3 1-0

[Event "27th Hoogeveen Open 2024"]
[Site "Hoogeveen NED"]
[Date "2024.11.02"]
[Round "9.17"]
[White "Duchene, Rene"]
[Black "Terlouw, Wouter"]
[Result "1-0"]
[BlackTitle "CM"]
[WhiteElo "2075"]
[BlackElo "2198"]
[WhiteFideId "1006304"]
[BlackFideId "1087401"]
[EventDate "2024.10.26"]
[EventType "swiss"]

1. Nf3 Nf6 2. c4 e6 3. Nc3 Bb4 4. Qc2 c5 5. a3 Ba5 6. e3 O-O 7. d4 cxd4 8. exd4
Bxc3+ 9. Qxc3 Ne4 10. Qc2 d5 11. Bd3 f5 12. O-O Nc6 13. b4 Qf6 14. Bb2 Bd7 15.
b5 Ne7 16. Ne5 Be8 17. a4 Rc8 18. Ba3 Kh8 19. Rad1 Rg8 20. f3 Ng5 21. Qb3 Rd8
22. Bxe7 Qxe7 23. Rfe1 Qf6 24. c5 Nf7 25. Qb4 Rc8 26. Qa5 Nxe5 27. Rxe5 Rxc5 28.
Qxa7 Rc3 29. Qa5 Rc8 30. Qb6 Bf7 31. a5 Rb8 32. f4 Rgc8 33. Qd6 Rd8 34. Qb6 Bg8
35. Rc1 Qf8 36. Ree1 Qb4 37. Bf1 Rdc8 38. Red1 Qa4 39. a6 Rxc1 40. Rxc1 Qa3 41.
Qc7 bxa6 42. bxa6 Rb4 43. Qc3 Qa4 44. Ra1 1-0

[Event "27th Hoogeveen Open 2024"]
[Site "Hoogeveen NED"]
[Date "2024.11.02"]
[Round "9.18"]
[White "Bakija, Alan"]
[Black "Boeren, Jurriaan"]
[Result "1-0"]
[WhiteElo "2192"]
[BlackElo "2159"]
[WhiteFideId "1068016"]
[BlackFideId "1067478"]
[EventDate "2024.10.26"]
[EventType "swiss"]

1. Nf3 d5 2. e3 Nf6 3. c4 e6 4. Nc3 Bd6 5. b3 O-O 6. Bb2 Re8 7. Be2 b6 8. cxd5
exd5 9. O-O c5 10. d4 Nc6 11. Rc1 Bg4 12. h3 Bh5 13. Re1 h6 14. dxc5 bxc5 15.
Nh4 Bxe2 16. Rxe2 d4 17. Nb5 d3 18. Rd2 Be5 19. Nf3 Ne4 20. Nxe5 Nxe5 21. Bxe5
Nxd2 22. Bxg7 Kxg7 23. Qxd2 a6 24. Qc3+ Kg8 25. Na3 Re7 26. Rd1 Rd7 27. Nc4 Rc8
28. Ne5 Rd5 29. Rxd3 Rxd3 30. Nxd3 Qg5 31. Ne5 f6 32. Qc4+ Kh7 33. Qe4+ Kg8 34.
Qd5+ Kh7 35. Qd7+ 1-0

[Event "27th Hoogeveen Open 2024"]
[Site "Hoogeveen NED"]
[Date "2024.11.02"]
[Round "9.19"]
[White "Madularea, David"]
[Black "Grooten, Tommy"]
[Result "1-0"]
[WhiteElo "2151"]
[BlackElo "2067"]
[WhiteFideId "1070215"]
[BlackFideId "1068806"]
[EventDate "2024.10.26"]
[EventType "swiss"]

1. e4 e5 2. Nc3 Nf6 3. d4 exd4 4. Qxd4 Nc6 5. Qd3 Bb4 6. Bd2 O-O 7. O-O-O a5 8.
a3 Bc5 9. f3 b5 10. Qxb5 Qe7 11. Bg5 Rb8 12. Nd5 Nxd5 13. Bxe7 Be3+ 14. Kb1 Rxb5
15. exd5 Rxb2+ 16. Kxb2 Nxe7 17. c4 Ba6 18. Bd3 Ng6 19. Kc3 Ne5 20. Ne2 Re8 21.
Nd4 Nxd3 22. Kxd3 Bf4 23. Rhe1 Rd8 24. g3 Bd6 25. Ra1 c6 26. dxc6 dxc6 27. Nxc6
Rd7 28. Re8+ Bf8+ 29. Kc3 Rc7 30. Nxa5 f5 31. Rb1 Kf7 32. Ra8 1-0

[Event "27th Hoogeveen Open 2024"]
[Site "Hoogeveen NED"]
[Date "2024.11.02"]
[Round "9.20"]
[White "Ten Dam, Bram"]
[Black "Van Batenburg, Mees"]
[Result "1/2-1/2"]
[WhiteElo "2006"]
[BlackElo "2247"]
[WhiteFideId "40104877"]
[BlackFideId "1078259"]
[EventDate "2024.10.26"]
[EventType "swiss"]

1. e4 e6 2. d4 d5 3. e5 c5 4. c3 Nc6 5. Nf3 Nge7 6. Na3 Bd7 7. Nc2 Qa5 8. Bd2
Qb6 9. Rb1 cxd4 10. cxd4 Nf5 11. Bc3 Nb4 12. a3 Nxc2+ 13. Qxc2 Bb5 14. Bxb5+
Qxb5 15. Qe2 a6 16. Rd1 Rc8 17. Qd3 Be7 18. O-O O-O 19. Rfe1 Rc6 20. Qd2 Rfc8
21. Ra1 h6 22. h3 Rc4 23. Qd1 Bd8 24. Nd2 R4c7 25. Nb3 Be7 26. Nd2 Bd8 27. Nb3
Be7 28. Nd2 Re8 29. Nf1 Bg5 30. g3 Rcc8 31. f4 Bd8 32. Qd2 f6 33. g4 Nh4 34. Nh2
fxe5 35. fxe5 Bg5 36. Qe2 Qxe2 37. Rxe2 Rf8 38. Rf1 Bf4 39. Nf3 Ng6 40. h4 Rf7
41. h5 Nf8 42. Kg2 g6 43. Nh4 Bg5 44. Rxf7 Kxf7 45. Rf2+ Kg7 46. Nxg6 Nxg6 47.
hxg6 Kxg6 48. Rf3 Be7 49. Kg3 Rf8 50. Rxf8 Bxf8 51. Kh4 Be7+ 52. Kg3 Bg5 53. a4
Bc1 54. b3 b6 55. Kf3 Bg5 56. Bb4 Bc1 57. Bc3 Kf7 58. Kg3 Kg7 59. Kf3 Kg6 60.
Kg3 Kg5 61. Kf3 Kh4 62. Be1+ Kg5 63. Bc3 a5 64. Kg3 Bf4+ 65. Kf3 Bc1 66. Kg3 h5
67. gxh5 Kxh5 68. Kf3 Kh4 69. b4 axb4 70. Bxb4 Bg5 71. Ke2 Kg4 72. Kd3 Kf3 1/2-1/2

[Event "27th Hoogeveen Open 2024"]
[Site "Hoogeveen NED"]
[Date "2024.11.02"]
[Round "9.21"]
[White "Lardinois, Wouter"]
[Black "Yasmo, Daniil"]
[Result "0-1"]
[WhiteElo "2025"]
[BlackElo "2156"]
[WhiteFideId "1039997"]
[BlackFideId "14199165"]
[EventDate "2024.10.26"]
[EventType "swiss"]

1. e4 c5 2. Nf3 Nc6 3. Bb5 e6 4. O-O Nge7 5. Re1 b6 6. c3 a6 7. Bxc6 Nxc6 8. d4
d5 9. e5 Be7 10. Be3 O-O 11. Nbd2 a5 12. h4 cxd4 13. Bxd4 Nxd4 14. Nxd4 Bxh4 15.
g3 Be7 16. Kg2 Qe8 17. f4 f6 18. N2f3 f5 19. Rh1 h6 20. Nh4 Qf7 21. Qb3 Bd7 22.
Rae1 a4 23. Qd1 a3 24. Nhxf5 exf5 25. e6 Bxe6 26. Nxe6 Rfc8 27. Qxd5 axb2 28.
Qb3 Rc6 29. Nd4 Qxb3 30. axb3 Rxc3 31. Nxf5 Ba3 32. Rb1 Rac8 33. Nd6 Rc2+ 34.
Kh3 Bxd6 0-1

[Event "27th Hoogeveen Open 2024"]
[Site "Hoogeveen NED"]
[Date "2024.11.02"]
[Round "9.23"]
[White "Van Zutphen, Jimmy"]
[Black "Gerrits, Augustin"]
[Result "1-0"]
[WhiteElo "2125"]
[BlackElo "1939"]
[WhiteFideId "1013890"]
[BlackFideId "285358"]
[EventDate "2024.10.26"]
[EventType "swiss"]

1. d4 d5 2. c3 Nf6 3. Bg5 Nbd7 4. e3 e6 5. f4 Be7 6. Nd2 c5 7. Bd3 Qc7 8. Ngf3
c4 9. Bc2 b5 10. a3 Bb7 11. O-O O-O-O 12. Ne5 Rdf8 13. Qe2 h6 14. Nxd7 Qxd7 15.
Bh4 Rfg8 16. b3 g5 17. fxg5 hxg5 18. Bg3 Nh5 19. Rxf7 Nxg3 20. hxg3 Qc7 21. Qg4
Rh6 22. b4 Rgh8 23. Raf1 Bc6 24. Rg7 Be8 25. Bg6 Rxg6 26. Rxg6 Bxg6 27. Qxe6+
Kd8 28. Qxd5+ Qd7 29. Qa8+ Qc8 30. Qd5+ Qd7 31. Qe5 Rh7 32. Qb8+ Qc8 33. Qxb5
Bd3 34. Rf3 Qe6 35. Qb8+ Kd7 36. Qxa7+ Ke8 37. Qa8+ Bd8 38. e4 Qh6 39. Rf5 Qh1+
40. Kf2 Qd1 41. Qc6+ Ke7 42. Qf6+ Kd7 43. Rd5+ Ke8 1-0